Planeamiento v.s. arquitectura

Сохранить в:
Библиографические подробности
Главный автор: Mora, Santiago Esteban de la (autor)
Формат:
Язык:испанский
Опубликовано: Bogotá Iqueima 1952
Предметы:
Метки: Добавить метку
Нет меток, Требуется 1-ая метка записи!

MARC

LEADER 00000nam a2200000 a 4500
001 UCV9037
003 CL-VaPUC
008 920424e19520000CK |||||||||||||||||spa|d
082 0 4 |a 711  |b MOR  |2 21 
100 |a Mora, Santiago Esteban de la  |e autor  |9 303028 
245 1 0 |a Planeamiento v.s. arquitectura 
300 |a 140 p 
942 |c BK 
945 |d 19920424 00:00:00 
260 |a Bogotá  |b Iqueima  |c 1952 
650 0 |a Arquitectura  |9 804558 
650 0 |a Planificación urbana   |9 258176 
583 |a last modification  |c 19920424 00:00:00  |k Rodrigo Vera 
999 |c 214435  |d 214433 
952 |0 0  |1 0  |4 0  |6 711_000000000000000_MOR_1952  |7 0  |8 A  |9 197785  |a BIBARQ  |b BIBARQ  |d 2019-11-14  |i 2654415  |o 711 MOR 1952  |p 2654415  |r 2025-01-20  |w 2019-11-14  |y BK  |k ARQ 
952 |0 0  |1 0  |4 0  |6 711_000000000000000_MOR_1952  |7 0  |8 A  |9 197786  |a BIBARQ  |b BIBARQ  |d 2019-11-14  |i 2654423  |o 711 MOR 1952  |p 2654423  |r 2025-01-20  |w 2019-11-14  |y BK  |k ARQ